The adventures of Tom Sawyer (Запись № 12213706)

Подробности
000 -МАРКЕР
контрольное поле 01339nam0a2200337 4500
001 - ИДЕНТИФИКАТОР ЗАПИСИ
контрольное поле RU\NLR\BIBL_A\011260701
005 - ИДЕНТИФИКАТОР ВЕРСИИ
контрольное поле 20260406114207.0
010 ## - МЕЖДУНАРОДНЫЙ СТАНДАРТНЫЙ НОМЕР КНИГИ (ISBN)
Номер (ISBN) 978-5-699-87525-2
Тираж 2500
021 ## - НОМЕР ГОСУДАРСТВЕННОЙ РЕГИСТРАЦИИ
Код страны российская федерация
Номер 2016-79943
Номер Листа государственной регистраци 5211
035 ## - ДРУГИЕ СИСТЕМНЫЕ НОМЕРА
Идентификатор записи (NLR Aleph) 011260701
100 ## - ДАННЫЕ ОБЩЕЙ ОБРАБОТКИ
Данные общей обработки 20161101d2017 |||y0rusy50 ca
101 0# - ЯЗЫК РЕСУРСА
Язык текста, звукозаписи и т.д. английский
102 ## - СТРАНА ПУБЛИКАЦИИ ИЛИ ПРОИЗВОДСТВА
Страна публикации российская федерация
105 ## - ПОЛЕ КОДИРОВАННЫХ ДАННЫХ: ТЕКСТОВЫЕ МАТЕРИАЛЫ, МОНОГРАФИЧЕСКИЕ
Кодированные данные о монографическом текстовом документе y z 000ay
200 1# - ЗАГЛАВИЕ И СВЕДЕНИЯ ОБ ОТВЕТСТВЕННОСТИ
Основное заглавие The adventures of Tom Sawyer
Параллельное заглавие Приключения Тома Сойера
Первые сведения об ответственности Mark Twain
Последующие сведения об ответственности [коммент. и слов. Н. Самуэльян]
Язык параллельного заглавия русский
210 ## - ПУБЛИКАЦИЯ, РАСПРОСТРАНЕНИЕ И ДР.
Место издания, распространения и т.д. Москва
Имя издателя, распространителя и т. д. Эксмо
Дата издания, распространения и т.д. 2017
-- [т.е. 2016]
215 ## - ФИЗИЧЕСКАЯ ХАРАКТЕРИСТИКА
Специфическое обозначение материала и объем 254, [1] с.
Размеры 20
225 1# - СЕРИЯ
Основное заглавие серии Бестселлер на все времена
300 ## - ОБЩИЕ ПРИМЕЧАНИЯ
Текст примечания Авт. также на рус. яз.: Марк Твен
300 ## - ОБЩИЕ ПРИМЕЧАНИЯ
Текст примечания Кн. фактически изд. в 2016 г.
333 ## - ПРИМЕЧАНИЯ ОБ ОСОБЕННОСТЯХ РАСПРОСТРАНЕНИЯ И ИСПОЛЬЗОВАНИЯ
Текст примечания 6+
510 1# - ПАРАЛЛЕЛЬНОЕ ЗАГЛАВИЕ
Связь между полями z45790
Параллельное заглавие Приключения Тома Сойера
Язык заглавия русский
606 1# - НАИМЕНОВАНИЕ ТЕМЫ КАК ПРЕДМЕТ
Наименование темы Английский язык
Формальный подзаголовок Книги для чтения
Системный номер авторитетной/нормативной записи 972309
Идентификатор авторитетной/нормативной записи RU\NLR\AUTH\6646032
686 1# - ИНДЕКСЫ ДРУГИХ КЛАССИФИКАЦИЙ
Индекс Ш143.21-93рус91
700 #1 - ИМЯ ЛИЦА - ПЕРВИЧНАЯ ОТВЕТСТВЕННОСТЬ
Материалы, к которым относится поле eng
Графика поля Латинская
Начальный элемент ввода Twain
Часть имени, кроме начального элемента ввода M.
Даты 1835-1910
Расширение инициалов личного имени Mark
Идентификатор авторитетной/нормативной записи RU\NLR\AUTH\7759057
Системный номер авторитетной/нормативной записи 41989
790 #1 - ИМЯ ЛИЦА - АЛЬТЕРНАТИВНАЯ ФОРМА
Материалы, к которым относится поле rus
Графика поля Кириллица
Начальный элемент ввода Твен
Часть имени, кроме начального элемента ввода М.
Даты 1835-1910
Расширение инициалов личного имени Марк
Идентификатор авторитетной/нормативной записи RU\NLR\AUTH\77201
Системный номер авторитетной/нормативной записи 110265
942 ## - ДОПОЛНИТЕЛЬНЫЕ ЭЛЕМЕНТЫ ЗАПИСИ (АБИС)
Тип экземпляра АБИС Книга
980 ## - КОЛЛЕКЦИЯ
Название коллекции Национальная библиография
Экземпляры
Тип экземпляра Дата поступления Источник поступления Стоимость Библиотека постоянного хранения Библиотека текущего хранения Место хранения Шифр хранения Штрих-код Статус не для выдачи
Книга 01.11.2016 Обязательный экземпляр 0.00 РНБ (Московский) РНБ (Московский) Иностранный книжный фонд Ик 2016-3/670 1-1610927  
Книга 01.11.2016 Обязательный экземпляр 90.00 РНБ (Московский) РНБ (Московский) Обменный фонд, иностранный   1-1610928